000 00382nam a2200145Ia 4500
008 181130s2018 xx 000 0 und d
100 _aVarghese, Manoj
245 _aFiction to reality:
_bvirtual reality in higher education
260 _c2018
300 _ap.11-16.
504 _d13-Aug
650 _aHigher education
773 _aUniversity News
906 _aHigher education
999 _c506954
_d506954